000 00688nam a2200241Ia 4500
005 20260430150003.0
008 008 250103s9999 xx 000 0 eng d
037 _aTheses
040 _aCRL
040 _beng
040 _ceng
041 _2eng
041 _aeng
084 _qCRL
100 _aSingh Anoop Au.; Singh Yogendra Gu.
_91236121
245 0 _aUnderstanding the evolutionary success of Mycobacterium tuberculosis by its genetic signatures and host-specific microbial markers
260 _c2021
300 _a159p.
650 _aZoology
700 _aUniversity of Delhi. Faculty of Science. Department of Zoology
942 _cTH
999 _c1848663
_d1848663